[Event "Let's have a tango"]
[Site "SchemingMind.com"]
[Date "2009.06.22"]
[Round "-"]
[White "lumamo"]
[Black "lemmie"]
[Result "0-1"]
[WhiteCountry "ESP"]
[BlackCountry "NED"]
[WhiteElo "1430"]
[WhiteRD "120"]
[BlackElo "1596"]
[BlackRD "50"]
[GameID "209296"]

1. d4 Nf6 2. c4 Nc6 3. Nf3 d5 4. c5 e6 5. e3 b6 6. Bb5 Bd7 7. Qa4 Na5 8. Ne5 Be7 9. Bd2 Bxb5 10. Qxb5+ Kf8
11. Bxa5 bxa5 12. Qxa5 Ne4 13. Nc3 Nxc3 14. Qxc3 Bf6 15. f4 g6 16. O-O h5 17. a4 a5 18. Nc6 Qd7 19. Nxa5 Bd8 20. Nb7 Ke7
21. Qa3 c6 22. Nxd8 Rhxd8 23. b4 Kf8 24. h4 Ra7 25. Qc3 Rda8 26. a5 Qd8 27. g3 Rb8 28. Rf2 Qf6 29. Qa3 Qf5 30. Kh2 Qe4
31. Rb2 Rb5 32. Qc3 f6 33. Qe1 g5 34. hxg5 fxg5 35. Qf2 Rf7 36. Rf1 Rbb7 37. Qe2 g4 38. Rh1 Rh7 39. Kg1 Ke8 40. Rh4 Kd8
41. Qe1 Kc8 42. Kf2 Qf3+ 43. Kg1 Kb8 44. Rhh2 Ka7 45. Rhe2 Rh6 46. Rb3 Ka6 47. Reb2 h4 48. Rh2 h3 49. Rbb2 Rf6 50. Rhf2 Qxg3+
51. Kh1 Rh6 52. Qe2+ Ka7 53. Rb1 Qh4 54. Rg1 g3 55. Rf3 Rg7 56. Qe1 h2 57. Rgxg3 Rxg3 58. Qxg3 Qh5 59. Qg2 Ka6 60. Rf1 Qf5
61. Qe2+ Kb7 62. Qe1 Qe4+ 63. Rf3 Qxf3#
0-1

[Event "Let's have a tango"]
[Site "SchemingMind.com"]
[Date "2009.06.20"]
[Round "-"]
[White "DandyLion"]
[Black "sansubari"]
[Result "1-0"]
[WhiteCountry "IRL"]
[BlackCountry "MAS"]
[WhiteElo "1876"]
[WhiteRD "103"]
[BlackElo "1482"]
[BlackRD "69"]
[GameID "209338"]

1. d4 Nf6 2. c4 Nc6 3. Nc3 d5 4. cxd5 Nxd5 5. e4 Nxc3 6. bxc3 a6 7. Nf3 Bg4 8. Bc4 b5 9. Bxf7+ Kd7 10. d5 Ne5
11. Nxe5+ Kc8 12. Qxg4+ Kb7 13. Be3 g6 14. O-O Bg7 15. Nc6 Qf8 16. Qe6 Bf6 17. Na5+ Kb8 18. Qc6 Ra7 19. Bxa7+
1-0

[Event "Let's have a tango"]
[Site "SchemingMind.com"]
[Date "2009.06.20"]
[Round "-"]
[White "DandyLion"]
[Black "Mitchell-in"]
[Result "1-0"]
[WhiteCountry "IRL"]
[BlackCountry "ENG"]
[WhiteElo "1908"]
[WhiteRD "70"]
[BlackElo "1757"]
[BlackRD "64"]
[GameID "209339"]

1. d4 Nf6 2. c4 Nc6 3. Nf3 e6 4. Nc3 Bb4 5. Bg5 d5 6. e3 h6 7. Bh4 O-O 8. Bd3 dxc4 9. Bxc4 Be7 10. O-O Nd5
11. Bg3 Bf6 12. Rc1 Nxc3 13. Rxc3 Bd7 14. a3 Na5 15. Ba2 Rc8 16. b4 Nc6 17. Qd3 Ne7 18. Bb1 g6 19. h4 Nf5 20. e4 Ne7
21. h5 a6 22. Bf4 Bg7 23. Rfc1 Bc6 24. hxg6 Nxg6 25. Bg3 Re8 26. R3c2 e5 27. d5 Bb5 28. Qb3 Qd7 29. Qe3 c6 30. dxc6 Bxc6
31. Rd2 Qe7 32. Ba2 Red8 33. Bd5 Bxd5 34. Rxc8 Rxc8= 35. Rxd5 Qc7 36. Rc5 Qd7 37. Qc1 Rxc5 38. Qxc5 Qc6 39. Qxc6 bxc6 40. Nh4 Nxh4
41. Bxh4 Kf8 42. Kf1 Ke8 43. Ke2 Kd7 44. Kd3 Ke6 45. f3 f5 46. Bf2 fxe4+ 47. Kxe4 h5 48. Bb6 Bf6 49. Bc7 h4 50. Bb8 Bg7
51. Bc7 Bf6 52. Bb6 Be7 53. Bf2 Bf6 54. Bc5 Bg7= 55. Bf2 Bf6 56. Be1 Be7 57. Bc3 Bf6 58. f4 exf4 59. Bxf6
1-0

[Event "Let's have a tango"]
[Site "SchemingMind.com"]
[Date "2009.06.22"]
[Round "-"]
[White "DandyLion"]
[Black "lemmie"]
[Result "1-0"]
[WhiteCountry "IRL"]
[BlackCountry "NED"]
[WhiteElo "1895"]
[WhiteRD "81"]
[BlackElo "1577"]
[BlackRD "50"]
[GameID "209340"]

1. d4 Nf6 2. c4 Nc6 3. Nf3 d5 4. Nc3 dxc4 5. e3 e6 6. Bxc4 a6 7. O-O Bd7 8. a3 Bd6 9. e4 Be7 10. e5 Nd5
11. Bxd5 exd5 12. Nxd5 O-O 13. Bd2 Be6 14. Nxe7+ Nxe7 15. Bb4 Bc4 16. Re1 Re8 17. Rc1 Bd5 18. Ng5 Ng6 19. Qh5 h6 20. Ne4 Bc6
21. Rcd1 a5 22. Bc3 Qh4 23. Qf3 b6 24. d5 Bb7 25. Ng3 Rad8 26. Nf5 Qg5 27. g3 Nf8 28. b3 g6 29. Ne3 h5 30. e6 f5
31. h4 Qe7 32. Qf4 Rd6 33. Be5 Rdd8 34. Bxc7 Rc8 35. Bd6 Qf6 36. Be5 Qe7 37. Bd4 Qxa3 38. Qe5
1-0

[Event "Let's have a tango"]
[Site "SchemingMind.com"]
[Date "2009.06.20"]
[Round "-"]
[White "DandyLion"]
[Black "andu"]
[Result "1/2-1/2"]
[WhiteCountry "IRL"]
[BlackCountry "AUT"]
[WhiteElo "1936"]
[WhiteRD "72"]
[BlackElo "1892"]
[BlackRD "50"]
[GameID "209341"]

1. d4 Nf6 2. c4 Nc6 3. Nf3 e6 4. Bg5 Be7 5. Nc3 d5 6. e3 h6 7. Bh4 Ne4 8. Bxe7 Qxe7 9. cxd5 Nxc3 10. bxc3 exd5
11. Bb5 Bd7 12. O-O a6 13. Bxc6 Bxc6 14. Ne5 Bb5 15. Re1 O-O 16. a4 Be8 17. Qb3 Bc6 18. c4 Qd6 19. Rab1 dxc4 20. Qxc4 Qd5
21. Qxd5 Bxd5 22. e4 Bc6 23. a5 Rab8 24. h3 f6 25. Nd3 Rfd8 26. d5 Bb5 27. Nc5 Rd6 28. Ne6 Bd3 29. Rbd1 Bb5 30. Nxc7 Ba4
31. Rc1 g5 32. Ne6 b6 33. axb6 Bd7 34. Nc5 Rbxb6 35. Nxd7 Rxd7 36. Rb1 Rdd6 37. Kf1 Kg7 38. Ke2 Kg6 39. Ke3 a5 40. Kd4 a4
41. Rxb6 Rxb6 42. Kc5 Rb2 43. Ra1 Rxf2 44. g4 Rc2+ 45. Kd4 Rd2+ 46. Ke3 Rh2 47. Rxa4 Rxh3+ 48. Kf2 h5 49. gxh5+ Rxh5 50. Ra7 Rh4
51. Ke3 Rh3+ 52. Kd4 g4 53. d6 g3 54. d7 Rh8 55. Kd5 Kg5 56. Ke6 Kf4 57. Kxf6 g2 58. Ra1 Kxe4 59. Ke7 Rh7+ 60. Kd6 Rh8=
61. Kc7 Ke3 62. d8=Q Rxd8 63. Kxd8 Kf2 64. Ke7 g1=Q 65. Rxg1 Kxg1
1/2-1/2

[Event "Let's have a tango"]
[Site "SchemingMind.com"]
[Date "2009.06.20"]
[Round "-"]
[White "DandyLion"]
[Black "art"]
[Result "1-0"]
[WhiteCountry "IRL"]
[BlackCountry "MEX"]
[WhiteElo "1876"]
[WhiteRD "103"]
[BlackElo "1338"]
[BlackRD "292"]
[GameID "209342"]

1. d4 Nf6 2. c4 Nc6 3. Nc3 e6 4. Bg5 Bb4 5. e3 d5 6. Nf3 O-O 7. Rc1 h6 8. Bh4 Re8 9. a3 Bxc3+ 10. Rxc3 g5
11. Bg3 Ne4 12. Rc1 f5 13. Ne5 Qf6 14. Nxc6 Nxg3 15. hxg3 bxc6 16. Qh5 a5 17. Qxe8+ Kg7 18. cxd5
1-0

[Event "Let's have a tango"]
[Site "SchemingMind.com"]
[Date "2009.06.22"]
[Round "-"]
[White "DandyLion"]
[Black "lumamo"]
[Result "1-0"]
[WhiteCountry "IRL"]
[BlackCountry "ESP"]
[WhiteElo "1895"]
[WhiteRD "81"]
[BlackElo "1433"]
[BlackRD "137"]
[GameID "209343"]

1. d4 Nf6 2. c4 Nc6 3. Nc3 e6 4. Bg5 h6 5. Bh4 g5 6. Bg3 Bb4 7. e3 d6 8. Bd3 b6 9. Ne2 Bb7 10. a3 Bxc3+
11. Nxc3 Ne7 12. O-O Qd7 13. b4 c5 14. dxc5 Qc6 15. f3 Ng4 16. Be4 d5 17. cxd5 exd5 18. Nxd5 Nxd5 19. Bxd5 Qxd5 20. Qxd5 Bxd5
21. fxg4 bxc5 22. bxc5 Rc8 23. Bd6 Rh7 24. e4 Bc4 25. Rfc1 Bd3 26. a4 Bxe4 27. Re1 f5 28. gxf5 Kd7 29. Rxe4 Re8 30. Rxe8 Kxe8
31. Rb1 g4 32. Rb8+ Kd7 33. Rb7+
1-0

[Event "Let's have a tango"]
[Site "SchemingMind.com"]
[Date "2009.06.20"]
[Round "-"]
[White "sansubari"]
[Black "DandyLion"]
[Result "0-1"]
[WhiteCountry "MAS"]
[BlackCountry "IRL"]
[WhiteElo "1497"]
[WhiteRD "70"]
[BlackElo "1895"]
[BlackRD "81"]
[GameID "209344"]

1. d4 Nf6 2. c4 Nc6 3. d5 Ne5 4. b3 e6 5. dxe6 fxe6 6. Bb2 Bb4+ 7. Nd2 Ng6 8. a3 Be7 9. Ngf3 O-O 10. e3 b6
11. Bd3 Qe8 12. h3 Bb7 13. g4 d6 14. Rg1 Rd8 15. Qc2 e5 16. Bxg6 Qxg6 17. Qxg6 hxg6 18. Nh4 Kh7 19. Nhf3 Ne4 20. Nxe4 Bxe4
21. Nd2 Bb7 22. g5 Rf5 23. h4 Rdf8 24. f3 Bxf3 25. Nxf3 Rxf3 26. Bc1 Rh3 27. Bd2 Rxh4 28. O-O-O Rf5 29. Rde1 Rxg5 30. Rxg5 Bxg5
31. Rg1 Kh6 32. Kc2 Rh3 33. e4 Rh2 34. Rd1 Rxd2+ 35. Rxd2 Bxd2 36. Kxd2 Kg5 37. Ke3 Kh4 38. Kf3 g5 39. Kg2 Kg4 40. Kf2 Kf4
0-1

[Event "Let's have a tango"]
[Site "SchemingMind.com"]
[Date "2009.06.20"]
[Round "-"]
[White "Mitchell-in"]
[Black "DandyLion"]
[Result "0-1"]
[WhiteCountry "ENG"]
[BlackCountry "IRL"]
[WhiteElo "1757"]
[WhiteRD "64"]
[BlackElo "1908"]
[BlackRD "70"]
[GameID "209345"]

1. d4 Nf6 2. c4 Nc6 3. Nf3 e6 4. a3 d5 5. Nc3 Be7 6. Bf4 O-O 7. b4 dxc4 8. e4 Re8 9. Bxc4 a6 10. O-O b5
11. Bb3 Bb7 12. Re1 h6 13. Rc1 Nh5 14. Be3 Nf6 15. e5 Nd5 16. Nxd5 exd5 17. Qd3 Bf8 18. Bc2 g6 19. Qd2 Kh7 20. Bb3= Re6
21. Bg5 Qd7 22. Bf6 Bg7 23. Bxg7 Kxg7 24. Rc5 Nd8 25. Rec1 c6 26. R5c3 Re8 27. Ne1 Ne6 28. Rh3 Ng5 29. Rxh6 Kxh6 30. h4= Qg4
31. Nf3 Kg7 32. Qxg5 Qxg5 33. hxg5 a5 34. Nd2 axb4 35. axb4 Ra3 36. Kf1 Rea8 37. Ke2 Ra1 38. Rc3 Rh8 39. g3 Kf8 40. Bc2 Ke7
41. Rf3 Bc8 42. Rf6 Be6 43. Nb3 Ra2 44. Kd2 Rh5
0-1

[Event "Let's have a tango"]
[Site "SchemingMind.com"]
[Date "2009.06.22"]
[Round "-"]
[White "lemmie"]
[Black "DandyLion"]
[Result "0-1"]
[WhiteCountry "NED"]
[BlackCountry "IRL"]
[WhiteElo "1673"]
[WhiteRD "53"]
[BlackElo "1876"]
[BlackRD "103"]
[GameID "209346"]

1. d4 Nf6 2. c4 Nc6 3. Nf3 e6 4. Nc3 Bb4 5. Qc2 d5 6. e3 O-O 7. a3 Bxc3+ 8. Qxc3 Re8 9. Be2 Ne4 10. Qc2 e5
11. cxd5 Qxd5 12. dxe5 Nxe5 13. Nxe5 Qxe5 14. O-O Bf5 15. Bd3 Rad8 16. f4 Qd6 17. Bxe4 Bxe4 18. Qc3 Qg6 19. g3 h5 20. Bd2 h4
21. Be1 Bc6 22. b4 Qe4
0-1

[Event "Let's have a tango"]
[Site "SchemingMind.com"]
[Date "2009.06.20"]
[Round "-"]
[White "andu"]
[Black "DandyLion"]
[Result "0-1"]
[WhiteCountry "AUT"]
[BlackCountry "IRL"]
[WhiteElo "1669"]
[WhiteRD "64"]
[BlackElo "1876"]
[BlackRD "103"]
[GameID "209347"]

1. d4 Nf6 2. c4 Nc6 3. Nf3 e6 4. Nc3 Bb4 5. Bd2 O-O 6. e4 d5 7. e5 Bxc3 8. Bxc3 Ne4 9. Qc2 f5 10. Bd3 a5
11. Bxe4 dxe4 12. Nd2 Nb4 13. Bxb4 axb4 14. Nb3 b6 15. O-O Bb7 16. c5 Qd5 17. Rac1 e3 18. f3 Rxa2 19. Qc4 Qxc4 20. Rxc4 Ba6
21. cxb6 Bxc4 22. Rc1 Bxb3 23. b7 Rb8
0-1

[Event "Let's have a tango"]
[Site "SchemingMind.com"]
[Date "2009.06.20"]
[Round "-"]
[White "art"]
[Black "DandyLion"]
[Result "0-1"]
[WhiteCountry "MEX"]
[BlackCountry "IRL"]
[WhiteElo "1390"]
[WhiteRD "111"]
[BlackElo "1936"]
[BlackRD "72"]
[GameID "209348"]

1. d4 Nf6 2. c4 Nc6 3. Nc3 d5 4. Bg5 e6 5. Nf3 Be7 6. e3 O-O 7. c5 Re8 8. a3 h6 9. Bh4 Bf8 10. Bb5 a6
11. Ba4 Bd7 12. Ne5 Nxe5 13. dxe5 Bxa4 14. Qxa4 g5 15. exf6 gxh4 16. Qxh4 Bg7 17. Qb4 Qxf6 18. O-O Rab8 19. e4 dxe4 20. Qxe4 Red8
21. Rad1 b5 22. Qc6 b4 23. Rxd8+ Qxd8 24. Rd1 Qe8 25. Qxe8+ Rxe8 26. axb4 Rb8 27. Na2 Bxb2 28. Rd7 Be5 29. g3 Kf8 30. f4 Ke8
31. Rd3 Bf6 32. Ra3 Ra8 33. b5 Bd4+ 34. Kg2 Bxc5
0-1

[Event "Let's have a tango"]
[Site "SchemingMind.com"]
[Date "2009.06.22"]
[Round "-"]
[White "lumamo"]
[Black "DandyLion"]
[Result "0-1"]
[WhiteCountry "ESP"]
[BlackCountry "IRL"]
[WhiteElo "1433"]
[WhiteRD "137"]
[BlackElo "1895"]
[BlackRD "81"]
[GameID "209349"]

1. d4 Nf6 2. c4 Nc6 3. Nf3 e6 4. e4 d5 5. e5 Ne4 6. Bd3 f5 7. c5 Be7 8. Nc3 O-O 9. O-O b6 10. Qa4 Bd7
11. Bb5 Nb8 12. c6 Bc8 13. Bd3 a6 14. b4 Nxc3 15. Qa3 Ne4 16. b5 Bxa3 17. Bxa3 Rf7 18. Bb2 axb5 19. Bxb5 Ba6 20. Bxa6 Rxa6
21. Rfc1 b5 22. Rc2 Rxc6 23. Rxc6 Nxc6 24. a4 bxa4 25. Rxa4 Qb8 26. Ba3 Qb1+
0-1

[Event "Let's have a tango"]
[Site "SchemingMind.com"]
[Date "2009.06.21"]
[Round "-"]
[White "Clive Everill"]
[Black "sansubari"]
[Result "0-1"]
[WhiteCountry "CZE"]
[BlackCountry "MAS"]
[WhiteElo "1651"]
[WhiteRD "52"]
[BlackElo "1502"]
[BlackRD "74"]
[GameID "209366"]

1. d4 Nf6 2. c4 Nc6 3. g3 d5 4. c5 h6 5. Bg2 Bf5 6. Nf3 Be4 7. O-O g5 8. Nc3 e6 9. a3 g4 10. Ne1 Bxg2
11. Nxg2 h5 12. Bf4 Bg7 13. Re1 b5 14. Nxb5 Rc8 15. Bg5 a6 16. Nc3 Qd7 17. e4 Nxe4 18. Nxe4 dxe4 19. Rxe4 Nxd4 20. Nh4 Nf3+
21. Nxf3 Qxd1+ 22. Rxd1 gxf3 23. b4 Bh6 24. Bxh6 Rxh6 25. Rf4 e5 26. Rxf3 f6 27. h4 Ke7 28. Rfd3 Ke6 29. a4 Rg6 30. b5 Rg4
31. Ra1 axb5 32. axb5 Rb8 33. Rb1 Rc4 34. c6 Rxc6 35. bxc6 Rxb1+ 36. Kg2 Rc1 37. Rd7 Rxc6 38. Rh7 Kf5 39. Rxh5+ Kg6 40. Rh8 Kg7
41. Rd8 Rc3 42. g4 c5 43. h5 c4 44. Rd7+ Kh6 45. Rd6 Kg5 46. f3 Rd3 47. Rc6 c3 48. Kg3 e4 49. Rc5+ Kh6 50. Kf4 e3
51. Ke4 e2 52. Kxd3 e1=Q 53. Rxc3 Qf1+ 54. Ke4 Qe2+ 55. Kd4 Qe5+ 56. Kd3 Qd5+ 57. Ke3= f5 58. Rd3 Qe5+ 59. Kf2 fxg4 60. fxg4 Qf4+
61. Rf3 Qxg4 62. Rg3 Qd4+ 63. Kg2 Kxh5 64. Rh3+ Kg5 65. Rg3+ Kf5 66. Kh3 Qh8+ 67. Kg2 Qh4 68. Rh3 Qe4+ 69. Kf2 Qd4+ 70. Ke1 Qg1+
0-1

[Event "Let's have a tango"]
[Site "SchemingMind.com"]
[Date "2009.06.20"]
[Round "-"]
[White "Clive Everill"]
[Black "Mitchell-in"]
[Result "1-0"]
[WhiteCountry "CZE"]
[BlackCountry "ENG"]
[WhiteElo "1659"]
[WhiteRD "48"]
[BlackElo "1810"]
[BlackRD "64"]
[GameID "209367"]

1. d4 Nf6 2. c4 Nc6 3. a3 e6 4. Nf3 d6 5. Nc3 g6 6. e4 Bg7 7. Be2 O-O 8. O-O Re8 9. b4 e5 10. d5 Ne7
11. Ne1 Nd7 12. Qc2 f5 13. f4 fxe4 14. Nxe4 exf4 15. Bb2 Bxb2 16. Qxb2 Nf5 17. Rxf4 Ne5 18. Qc2 Kh8 19. Nd3 Nxd3 20. Bxd3 Qe7
21. Qc3+ Qg7 22. Qxg7+ Kxg7 23. c5 Re5 24. cxd6 Nxd6 25. Nxd6 cxd6 26. Bc4 Bf5 27. Raf1 h5 28. h3 Re4 29. g4 Rxf4 30. Rxf4 hxg4
31. hxg4 Bd7 32. g5 Bf5 33. a4 a5 34. b5 b6 35. Kf2 Rf8 36. Bb3 Rc8 37. Rf3 Kf7 38. Kg3 Rc1 39. Kf4 Rc5 40. Re3 Rc1
41. Rf3 Ke7 42. Re3+ Kd7 43. Rf3
1-0

[Event "Let's have a tango"]
[Site "SchemingMind.com"]
[Date "2009.06.22"]
[Round "-"]
[White "Clive Everill"]
[Black "lemmie"]
[Result "0-1"]
[WhiteCountry "CZE"]
[BlackCountry "NED"]
[WhiteElo "1620"]
[WhiteRD "50"]
[BlackElo "1577"]
[BlackRD "50"]
[GameID "209368"]

1. d4 Nf6 2. c4 Nc6 3. g3 e6 4. Bg2 d5 5. c5 Be7 6. Nc3 b6 7. Be3 Bb7 8. Na4 O-O 9. Nf3 bxc5 10. Nxc5 Bxc5
11. dxc5 Rb8 12. O-O Qe7 13. a3 Ne4 14. b4 a6 15. Nd4 Nc3 16. Qc2 Nb5 17. Nf3 Qf6 18. Bg5 Qg6 19. Qb2 f6 20. Be3 e5
21. Nh4 Qf7 22. Nf5 d4 23. Bh6 Qg6 24. Bxg7 Qxf5 25. Bxf8 Rxf8 26. e4 Qg6 27. a4 Nc3 28. f3 Na7 29. Bh3 Qe8 30. Qb3+ Kh8
31. Bf5 Bc6 32. a5 Bb5 33. Rf2 Nc6 34. Re1 Ba4 35. Qb2 Qb8 36. Bd7 Nxb4 37. Bxa4 Nd3 38. Qxb8 Rxb8 39. Ra1 Nxf2 40. Kxf2 Rb2+
41. Kg1 Ne2+ 42. Kf1 Nc3 43. Bc6 Rxh2 44. Kg1 Rb2 45. g4 d3 46. Ba4 d2 47. c6 Nxa4
0-1

[Event "Let's have a tango"]
[Site "SchemingMind.com"]
[Date "2009.06.20"]
[Round "-"]
[White "Clive Everill"]
[Black "andu"]
[Result "0-1"]
[WhiteCountry "CZE"]
[BlackCountry "AUT"]
[WhiteElo "1620"]
[WhiteRD "50"]
[BlackElo "1835"]
[BlackRD "49"]
[GameID "209369"]

1. d4 Nf6 2. c4 Nc6 3. a3 e6 4. Nf3 d5 5. c5 Be7 6. e3 O-O 7. b4 Ne4 8. Bd3 f5 9. Nbd2 b6 10. Bb2 bxc5
11. dxc5 a5 12. b5 Nxc5 13. Be2 Nb8 14. Qc2 Nbd7 15. Qc3 Bf6 16. Nd4 Bb7 17. O-O c6 18. bxc6 Bxc6 19. Qc2 Ba4 20. Qc1 Rc8
21. Qe1 Ne5 22. N2f3 Nxf3+ 23. Bxf3 e5 24. Nxf5 e4 25. Bxf6 Rxf6 26. Bg4 Bd7 27. Nxg7 Kxg7 28. Be2 Rg6 29. f4 Bh3 30. Rf2 d4
31. Bh5 Nd3 32. Qd2 Nxf2 33. Bxg6 dxe3 34. Qxe3 Ng4 35. Qe1 Qd4+ 36. Kf1 Nxh2+ 37. Ke2 Rc2+
0-1

[Event "Let's have a tango"]
[Site "SchemingMind.com"]
[Date "2009.06.20"]
[Round "-"]
[White "Clive Everill"]
[Black "DandyLion"]
[Result "0-1"]
[WhiteCountry "CZE"]
[BlackCountry "IRL"]
[WhiteElo "1632"]
[WhiteRD "49"]
[BlackElo "1876"]
[BlackRD "103"]
[GameID "209370"]

1. d4 Nf6 2. c4 Nc6 3. Bg5 e6 4. e4 Bb4+ 5. Nc3 d5 6. e5 h6 7. exf6 hxg5 8. fxg7 Rg8 9. Qh5 Qf6 10. Nf3 Nxd4
11. Nxd4 Qxd4 12. Rc1 Bd7 13. cxd5 O-O-O 14. dxe6 Bxe6 15. Qe2 Bc4 16. Qc2 Rge8+ 17. Be2 Rxe2+ 18. Qxe2 Bxe2 19. Kxe2 Qd3+ 20. Ke1 Re8#
0-1

[Event "Let's have a tango"]
[Site "SchemingMind.com"]
[Date "2009.06.21"]
[Round "-"]
[White "Clive Everill"]
[Black "art"]
[Result "1-0"]
[WhiteCountry "CZE"]
[BlackCountry "MEX"]
[WhiteElo "1639"]
[WhiteRD "52"]
[BlackElo "1390"]
[BlackRD "111"]
[GameID "209371"]

1. d4 Nf6 2. c4 Nc6 3. g3 e6 4. Bg2 d5 5. c5 e5 6. e3 Qe7 7. Ne2 e4 8. f3 Bf5 9. O-O exf3 10. Bxf3 Ng4
11. Qb3 O-O-O 12. Bd2 Re8 13. Bxd5 Be6 14. Bxe6+ fxe6 15. Nbc3 g5 16. Ne4 Bg7 17. N2c3 h5 18. Nf2 Bf6 19. Nce4 Ref8 20. Nxf6 Nxf6
21. e4
1-0

[Event "Let's have a tango"]
[Site "SchemingMind.com"]
[Date "2009.06.22"]
[Round "-"]
[White "Clive Everill"]
[Black "lumamo"]
[Result "1-0"]
[WhiteCountry "CZE"]
[BlackCountry "ESP"]
[WhiteElo "1639"]
[WhiteRD "52"]
[BlackElo "1430"]
[BlackRD "120"]
[GameID "209372"]

1. d4 Nf6 2. c4 Nc6 3. a3 e6 4. Nf3 Be7 5. Nc3 h6 6. e4 O-O 7. Bd3 b6 8. O-O Bb7 9. Qc2 a5 10. e5 Nh7
11. Bxh7+ Kh8 12. Be4 Ba6 13. b3 a4 14. Rd1 axb3 15. Qxb3 f5 16. exf6 Bxf6 17. Be3 Na5 18. Qa4 c6 19. Bd3 d5 20. c5 b5
21. Qc2 Nc4 22. Bf4 Bb7 23. a4 bxa4 24. Nxa4 Qd7 25. Bxc4 dxc4 26. Nb6 Qd8 27. Nxa8 Bxa8 28. Qxc4 g5 29. Be5 Qd7 30. Bxf6+ Kh7
31. Qd3+ Kg8 32. Qg6+
1-0

[Event "Let's have a tango"]
[Site "SchemingMind.com"]
[Date "2009.06.20"]
[Round "-"]
[White "sansubari"]
[Black "Clive Everill"]
[Result "0-1"]
[WhiteCountry "MAS"]
[BlackCountry "CZE"]
[WhiteElo "1502"]
[WhiteRD "74"]
[BlackElo "1651"]
[BlackRD "52"]
[GameID "209373"]

1. d4 Nf6 2. c4 Nc6 3. d5 Ne5 4. b3 e6 5. Bb2 Bb4+ 6. Bc3 a5 7. Qd4 Bxc3+ 8. Nxc3 d6 9. a4 O-O 10. dxe6 Bxe6
11. e3 c5 12. Qh4 Qb6 13. Rb1 Ng6 14. Qg3 Nh5 15. Qf3 Nf6 16. Bd3 Bg4 17. Qg3 h5 18. h3 h4 19. Qh2 Bh5 20. g4 hxg3
21. Qxg3 Ne5 22. Be2 Bg6 23. h4 Bxb1 24. Nxb1 Qxb3 25. Nd2 Qxa4 26. f4 Nc6 27. h5 Nb4 28. h6 Nc2+ 29. Kf2 g6 30. Bd3 Kh7
31. Ngf3 Qd7 32. Bxc2 Rae8 33. Ng5+ Kh8 34. Nge4 Ng4+ 35. Kg1 f5 36. Nf2 Rxe3 37. Qh4 Re1+ 38. Kg2 Ne3+ 39. Kg3 Rxh1 40. Qxh1 Nxc2
41. Nh3 Qe6 42. Qxb7 Qf7 43. Qb6 Qf6 44. Qxa5 Nd4 45. Ng5 Re8 46. Qa3 Ne2+ 47. Kf3 Qc3+ 48. Qxc3+ Nxc3 49. Kg3 d5 50. cxd5 Nxd5
51. Nc4 Nf6 52. Ne5 Nh7 53. Nxg6+ Kg8 54. Nf3 c4 55. Nge5 c3 56. Nd4 Rc8 57. Nc2 Nf6 58. Kh4 Rd8 59. Nf3 Rd3 60. Nfd4 Rd2
61. Kg5 Ng4 62. Kxf5 Nxh6+ 63. Kg6 Nf7 64. f5 Rg2+ 65. Kf6 Nd6 66. Ke6 Nf7 67. f6 Kf8 68. Ne3 Rd2 69. Ndc2 Rd6+ 70. Kf5 Nh6+
71. Kg6 Ng8 72. Ng4 Rd2 73. Nge3 Rf2 74. f7 Rxf7 75. Nd5 Ne7+ 76. Nxe7 Rxe7 77. Na3 Re2 78. Kf5 Ra2
0-1

[Event "Let's have a tango"]
[Site "SchemingMind.com"]
[Date "2009.06.22"]
[Round "-"]
[White "Mitchell-in"]
[Black "Clive Everill"]
[Result "0-1"]
[WhiteCountry "ENG"]
[BlackCountry "CZE"]
[WhiteElo "1757"]
[WhiteRD "64"]
[BlackElo "1651"]
[BlackRD "52"]
[GameID "209374"]

1. d4 Nf6 2. c4 Nc6 3. Nf3 d6 4. Nc3 g6 5. e4 Bg7 6. Be2 a6 7. O-O O-O 8. d5 Na7 9. Be3 c5 10. Qd2 b5
11. cxb5 axb5 12. Bxb5 Nxb5 13. Nxb5 Nxe4 14. Qc2 Bf5 15. Qe2 Rb8 16. a4 Nf6 17. Nfd4 Bd7 18. Qc4 Ne8 19. Ra2 Nc7 20. Nxc7 Qxc7
21. Rb1 e5 22. dxe6 Bxd4 23. exd7 Bxe3 24. fxe3 Qxd7 25. b4 cxb4 26. Rxb4 Rxb4 27. Qxb4 Qe6 28. Re2 Rc8 29. Qd2 Rc5
0-1

[Event "Let's have a tango"]
[Site "SchemingMind.com"]
[Date "2009.06.22"]
[Round "-"]
[White "lemmie"]
[Black "Clive Everill"]
[Result "0-1"]
[WhiteCountry "NED"]
[BlackCountry "CZE"]
[WhiteElo "1577"]
[WhiteRD "50"]
[BlackElo "1620"]
[BlackRD "50"]
[GameID "209375"]

1. d4 Nf6 2. c4 Nc6 3. Nf3 d6 4. Nc3 e6 5. a3 a6 6. h3 Be7 7. e3 O-O 8. b4 Bd7 9. Be2 Qc8 10. Bb2 e5
11. dxe5 dxe5 12. Nd5 Nxd5 13. cxd5 Nxb4 14. axb4 Bxb4+ 15. Nd2 e4 16. O-O Re8 17. Ra4 a5 18. Ra1 Bxh3 19. gxh3 Qxh3 20. Bg4 Qh4
21. Nc4 b5 22. Na3 Bd6 23. Nxb5 Qh2#
0-1

[Event "Let's have a tango"]
[Site "SchemingMind.com"]
[Date "2009.06.20"]
[Round "-"]
[White "andu"]
[Black "Clive Everill"]
[Result "1-0"]
[WhiteCountry "AUT"]
[BlackCountry "CZE"]
[WhiteElo "1835"]
[WhiteRD "49"]
[BlackElo "1620"]
[BlackRD "50"]
[GameID "209376"]

1. d4 Nf6 2. c4 Nc6 3. Nf3 d6 4. Nc3 e5 5. d5 Nb4 6. Qa4+ Nc6 7. dxc6 bxc6 8. Qxc6+ Bd7 9. Qb7 Be7 10. e4 O-O
11. Bd3 c5 12. O-O Qa5 13. Nd5 Qd8 14. Nxe7+ Qxe7 15. Nh4 Rfb8 16. Qc7 Ne8 17. Nf5 Qe6 18. Qa5 Rb4 19. a3 Ra4 20. Qc3 g6
21. Nh6+ Kg7 22. f4 Nf6 23. f5 Qe8 24. fxg6 fxg6 25. Bg5 Ng8 26. Rf7+ Kh8 27. Qe1 Nxh6 28. Bf6+ Kg8 29. Rg7+ Kf8 30. Qh4 Nf7
31. Qxh7 Be6 32. Qg8#
1-0

[Event "Let's have a tango"]
[Site "SchemingMind.com"]
[Date "2009.06.20"]
[Round "-"]
[White "DandyLion"]
[Black "Clive Everill"]
[Result "1-0"]
[WhiteCountry "IRL"]
[BlackCountry "CZE"]
[WhiteElo "1895"]
[WhiteRD "81"]
[BlackElo "1620"]
[BlackRD "50"]
[GameID "209377"]

1. d4 Nf6 2. c4 Nc6 3. Nc3 e6 4. a3 d6 5. Bg5 Be7 6. e4 e5 7. d5 Nd4 8. Nge2 Bg4 9. f3 Bxf3 10. Bxf6 Bxf6
11. Qa4+ Kf8 12. gxf3 Bh4+ 13. Ng3 Nxf3+ 14. Kf2 Qf6 15. Bg2 Nxh2+ 16. Kg1 Bxg3 17. Rxh2 Qf2+ 18. Kh1 Bxh2 19. Kxh2 Qxb2 20. Rf1 Qxc3
21. Qd7 f6 22. Qxc7 Qxa3 23. Qxb7 Re8 24. Bf3 Qe3 25. Bh5 Qd2+ 26. Kh3 Qe3+ 27. Rf3 Qxf3+ 28. Bxf3 h5 29. Qd7 g5 30. Qxd6+ Kf7
31. Bd1 Rd8 32. Qe6+ Kg6 33. c5 Rde8 34. Qf5+ Kf7 35. d6 g4+ 36. Kh4 Rb8 37. d7 Rb2 38. c6 Rh2+ 39. Kg3 Rh3+ 40. Kg2 h4
41. Bxg4 Rg3+ 42. Kh2 Rg8 43. Qe6+ Kg7 44. Qxg8+
1-0

[Event "Let's have a tango"]
[Site "SchemingMind.com"]
[Date "2009.06.22"]
[Round "-"]
[White "art"]
[Black "Clive Everill"]
[Result "0-1"]
[WhiteCountry "MEX"]
[BlackCountry "CZE"]
[WhiteElo "1390"]
[WhiteRD "111"]
[BlackElo "1639"]
[BlackRD "52"]
[GameID "209378"]

1. d4 Nf6 2. c4 Nc6 3. Nc3 d5 4. Nf3 e6 5. Bg5 b6 6. e4 dxe4 7. Nxe4 Be7 8. Bd3 Bb7 9. a3 Nxd4 10. Bxf6 Nxf3+
11. Qxf3 gxf6 12. c5 Bd5 13. Qh5 Qd7 14. cxb6 axb6 15. Rd1 Qc6 16. f3 Bb3 17. Bb5 Bd5 18. Bxc6+ Bxc6 19. O-O Ra5 20. Qh6 Rf5
21. g4 Ra5
0-1

[Event "Let's have a tango"]
[Site "SchemingMind.com"]
[Date "2009.06.23"]
[Round "-"]
[White "lumamo"]
[Black "Clive Everill"]
[Result "0-1"]
[WhiteCountry "ESP"]
[BlackCountry "CZE"]
[WhiteElo "1430"]
[WhiteRD "120"]
[BlackElo "1639"]
[BlackRD "52"]
[GameID "209379"]

1. d4 Nf6 2. c4 Nc6 3. Nf3 d6 4. e3 e6 5. e4 Be7 6. Nc3 O-O 7. Bd3 e5 8. d5 Nb4 9. a3 Nxd3+ 10. Qxd3 Bg4
11. h3 Bd7 12. O-O Qc8 13. Bg5 h6 14. Bxf6 Bxf6 15. b4 a6 16. a4 c6 17. a5 Bd8 18. Na4 c5 19. bxc5 Bxa4 20. Rxa4 Qxc5
21. Qc3 b5 22. axb6 Bxb6 23. Qc2 a5 24. Kh1 Qc8 25. Nd2 f5 26. exf5 Rxf5 27. Ne4 Qc7 28. Nxd6 Qxd6 29. Qxf5 Rf8 30. Qc2 Bc7
31. g3 Bb6 32. Rc1 Rxf2 33. Qc3 e4 34. c5 Bxc5 35. Qxc5 Qxg3 36. Qxf2 Qxf2 37. Ra3 Qd2 38. Rc5 Qe1+ 39. Kg2 Qe2+ 40. Kg3 Qe1+
41. Kg4 Qg1+ 42. Kf4 Qxc5
0-1